000 00497nam a2200133 a 4500
008 120416s1958 ||||||||||||||||| || u
050 _aNA 5621.V5 Pig
100 _aPignatti, Terisio
245 1 0 _aPiaza San Marco, Venise-Venice
260 _aNovara
_bInstituto Geografico de Agostini
_c1958
300 _a164p. : ill.
350 _a0.00
995 _D0.00
_FCBU-MAIN LIBRARY (Kitwe)
_H1
_I0.00
_M1
_UAVAILABLE
_ZAnnex Low-Usage Collection
999 _c53629
_d53629